00576pab a2200181 454500008004000000100001800040245005800058260000900116300001500125650003500140650002700175700001900202773004800221908000600269909001000275999001700285952009200302180718b2005 xxu||||| |||| 00| 0 eng d aHaragopal, G. aHuman rights education in India concepts and concerns c2005 ap.104-122. aHuman rights education - India aHuman rights education aSudarshnam, G. aThe National Human Rights Commission, India aN a72327 c72327d72327 00104070aIIPAbIIPAd2018-07-19hVolume no: 4, pAR72787r2018-07-19w2018-07-19yAR